00422cam a22001217a 4500008004000000082001500040245010900055260003300164300001000197650004500207650002800252700002000280180718b1988 xxu||||| |||| 00| 0 eng d aT2531 K298 aPromoting productivity in the public sector: problems strategies and prospectscedited by Rita Mae Kelly aBasingstokebMacmillanc1988 a249p. aGovernment productivity --United States. aGovernment productivity aKelly, Rita Mae